Größte Städte Schleswig-Holsteins - Extrem - Statistiken

Allgemein
  • Dieses Quiz wurde 110 mal gespielt
  • Das Durchschnittsergebnis liegt bei 16 aus 22
Antwortstatistiken
Einwohner Stadt % Korrekt
92.550 Flensburg
100%
247.717 Kiel
99%
218.095 Lübeck
97%
79.502 Neumünster
90%
50.772 Elmshorn
89%
81.880 Norderstedt
88%
23.735 Husum
85%
44.279 Pinneberg
83%
32.258 Itzehoe
82%
25.832 Schleswig
81%
29.743 Rendsburg
78%
22.114 Heide
71%
21.507 Eckernförde
67%
24.935 Bad Oldesloe
64%
34.509 Ahrensburg
63%
20.255 Bad Schwartau
56%
34.538 Wedel
56%
32.336 Geesthacht
49%
28.323 Henstedt-Ulzburg⁠
47%
23.538 Kaltenkirchen
47%
22.165 Quickborn
47%
28.536 Reinbek
46%
Keine übereinstimmenden Quizze gefunden
Verteilung der Resultate
Anzahl Personen mit jedem Resultat
Perzentil nach korrekt beantworteten Fragen
Ihre Resultats-Entwicklung
Sie haben dieses Quiz noch nicht gespielt